000 00412nam a2200157 a 4500
001 000032002
005 20200930063340.0
008 110707s1991 dr 000 | spa d
040 _aDO-SdBNP
_bspa
_cBNPHU
082 _axxx
_bA837e
110 2 _aAsociación Dominicana de papelerías
_958154
245 1 0 _aEstatutos.
260 _aSanto Domingo :
_bTaller,
_c1991.
300 _a47 p. ;
_c14 cm.
049 _aBNPD
999 _c31493
_d31493